[Event "GER-ch Youth ODJM 2019"]
[Site "Willingen"]
[Date "2019.06.09"]
[Round "1.14"]
[White "Kemper, Yannick"]
[Black "Stelmaszyk, Nico"]
[Result "0-1"]
[WhiteElo "1856"]
[BlackElo "2174"]
[Annotator "NA"]
[PlyCount "110"]
[EventDate "2019.06.07"]
[EventType "swiss"]
[EventRounds "9"]
[EventCountry "GER"]
[SourceTitle "playchess.com"]
[Source "ChessBase"]
[SourceQuality "1"]
[TimeControl "40/5400+30:1800+30"]

1. e4 {[%emt 0:00:00]} c5 {[%emt 0:00:00]} 2. Nf3 {[%emt 0:00:00]} e6 {[%emt 0:00:00]} 3. d4 {[%emt 0:00:00]} cxd4 {[%emt 0:00:00]} 4. Nxd4 {[%emt 0:00:00]} Nc6 {[%emt 0:00:00]} 5. Nc3 {[%emt 0:00:02]} Nf6 {[%emt 0:00:00]} 6. Ndb5 {[%emt 0:00:13]} d6 {[%emt 0:00:00]} 7. Bf4 {[%emt 0:00:15]} e5 {[%emt 0:00:05]} 8. Bg5 {[%emt 0:00:04]} a6 {[%emt 0:00:09]} 9. Bxf6 {[%emt 0:00:08]} gxf6 {[%emt 0:00:18]} 10. Na3 {[%emt 0:00:06]} b5 {[%emt 0:00:27]} 11. Nd5 {[%emt 0:00:15]} Bg7 {[%emt 0:00:38]} 12. Bd3 {[%emt 0:00:12]} Be6 {[%emt 0:01:10]} 13. c3 {[%emt 0:00:05]} f5 {[%emt 0:02:58]} 14. Nxb5 {[%emt 0:00:04]} axb5 {[%emt 0:00:07]} 15. Bxb5 {[%emt 0:00:05]} Bd7 {[%emt 0:01:40]} 16. exf5 {[%emt 0:00:07]} O-O {[%emt 0:10:02]} 17. O-O {[%emt 0:10:33]} e4 {[%emt 0:09:16]} 18. Re1 {[%emt 0:17:24]} Re8 {[%emt 0:04:25]} 19. a4 {[%emt 0:05:03]} Nb8 {[%emt 0:22:32]} 20. Qg4 {[%emt 0:19:40]} Re5 {[%emt 0:02:39]} 21. Bxd7 {[%emt 0:04:23]} Nxd7 {[%emt 0:00:41]} 22. f6 {[%emt 0:02:21]} Nxf6 {[%emt 0:00:08]} 23. Nxf6+ {[%emt 0:00:04]} Qxf6 {[%emt 0:00:06]} 24. Rxe4 {[%emt 0:00:39]} Rg5 {[%emt 0:14:05]} 25. Qe2 {[%emt 0:00:40]} d5 {[%emt 0:10:07]} 26. Re8+ {[%emt 0:06:01]} Rxe8 {[%emt 0:00:06]} 27. Qxe8+ {[%emt 0:00:04]} Bf8 {[%emt 0:00:07]} 28. a5 {[%emt 0:00:59]} Qf3 {[%emt 0:10:43]} 29. g3 {[%emt 0:03:11]} Rf5 {[%emt 0:00:17]} 30. Qe3 {[%emt 0:05:33]} Qxe3 {[%emt 0:00:40]} 31. fxe3 {[%emt 0:00:05]} Bc5 {[%emt 0:00:47]} 32. Re1 {[%emt 0:03:39]} Rf3 {[%emt 0:04:26]} 33. Kg2 {[%emt 0:01:20]} Rxe3 {[%emt 0:00:34]} 34. Rxe3 {[%emt 0:00:05]} Bxe3 {[%emt 0:00:05]} 35. Kf3 {[%emt 0:00:04]} Ba7 {[%emt 0:00:42]} 36. b4 {[%emt 0:02:23]} Kf8 {[%emt 0:02:50]} 37. b5 {[%emt 0:00:37]} Bc5 {[%emt 0:00:24]} 38. b6 {[%emt 0:00:29]} Ke7 {[%emt 0:00:31]} 39. Kf4 {[%emt 0:02:10]} Kf6 {[%emt 0:01:57]} 40. h4 {[%emt 0:01:38]} Bd6+ {[%emt 0:02:17]} 41. Kg4 {[%emt 0:31:30]} Bc5 {[%emt 0:30:11]} 42. Kh5 {[%emt 0:11:43]} Ke5 {[%emt 0:00:00]} 43. Kh6 {[%emt 0:00:00]} Kd6 {[%emt 0:00:00]} 44. h5 {[%emt 0:00:00]} Be3+ {[%emt 0:00:00]} 45. Kxh7 {[%emt 0:00:00]} Bd2 {[%emt 0:00:00]} 46. a6 {[%emt 0:00:00]} Kc6 {[%emt 0:00:00]} 47. b7 {[%emt 0:00:00]} Kc7 {[%emt 0:00:00]} 48. g4 {[%emt 0:00:00]} Bxc3 {[%emt 0:00:00]} 49. g5 {[%emt 0:00:00]} d4 {[%emt 0:00:00]} 50. Kg7 {[%emt 0:00:00]} d3+ {[%emt 0:00:00]} 51. Kxf7 {[%emt 0:00:00]} d2 {[%emt 0:00:00]} 52. g6 {[%emt 0:00:00]} d1=Q {[%emt 0:00:00]} 53. h6 {[%emt 0:00:00]} Qd7+ {[%emt 0:00:00]} 54. Kg8 {[%emt 0:00:00]} Qe8+ {[%emt 0:00:00]} 55. Kh7 {[%emt 0:00:00]} Qh8# {[%emt 0:00:00] normal} 0-1

[Event "GER-ch Youth ODJM 2019"]
[Site "Willingen"]
[Date "2019.06.09"]
[Round "1.15"]
[White "Dietz, Florian"]
[Black "Matthes, Aaron"]
[Result "1-0"]
[WhiteElo "2139"]
[BlackElo "1791"]
[Annotator "NA"]
[PlyCount "50"]
[EventDate "2019.06.07"]
[EventType "swiss"]
[EventRounds "9"]
[EventCountry "GER"]
[SourceTitle "playchess.com"]
[Source "ChessBase"]
[SourceQuality "1"]
[TimeControl "40/5400+30:1800+30"]

1. e4 {[%emt 0:00:00]} e6 {[%emt 0:00:00]} 2. d4 {[%emt 0:00:00]} d5 {[%emt 0:00:00]} 3. Nd2 {[%emt 0:00:10]} c5 {[%emt 0:00:00]} 4. exd5 {[%emt 0:00:36]} Qxd5 {[%emt 0:00:00]} 5. Ngf3 {[%emt 0:00:35]} cxd4 {[%emt 0:00:04]} 6. Bc4 {[%emt 0:00:12]} Qd7 {[%emt 0:00:05]} 7. O-O {[%emt 0:06:20]} Nc6 {[%emt 0:00:19]} 8. Nb3 {[%emt 0:00:40]} Nf6 {[%emt 0:00:12]} 9. Nbxd4 {[%emt 0:01:45]} Nxd4 {[%emt 0:00:11]} 10. Nxd4 {[%emt 0:01:05]} a6 {[%emt 0:00:04]} 11. a4 {[%emt 0:11:21]} Bc5 {[%emt 0:00:31]} 12. Nb3 {[%emt 0:01:27]} Qxd1 {[%emt 0:04:38]} 13. Rxd1 {[%emt 0:00:05]} Ba7 {[%emt 0:00:06]} 14. Bf4 {[%emt 0:09:21]} Ne4 {[%emt 0:14:49]} 15. Rf1 {[%emt 0:10:56]} Bd7 {[%emt 0:13:58]} 16. Bd3 {[%emt 0:07:38]} Nc5 {[%emt 0:12:05]} 17. Nxc5 {[%emt 0:06:03]} Bxc5 {[%emt 0:01:09]} 18. c3 {[%emt 0:01:07]} Rc8 {[%emt 0:07:00]} 19. Rfd1 {[%emt 0:04:06]} Bc6 {[%emt 0:03:03]} 20. b4 {[%emt 0:04:05]} Be7 {[%emt 0:00:06]} 21. b5 {[%emt 0:02:07]} Bd5 {[%emt 0:02:15]} 22. c4 {[%emt 0:03:35]} Bxc4 {[%emt 0:03:54]} 23. Rac1 {[%emt 0:06:28]} axb5 {[%emt 0:00:05]} 24. axb5 {[%emt 0:00:14]} e5 {[%emt 0:00:04]} 25. Bxe5 {[%emt 0:01:35]} f6 {[%emt 0:03:32] normal} 1-0

[Event "GER-ch Youth ODJM 2019"]
[Site "Willingen"]
[Date "2019.06.09"]
[Round "1.16"]
[White "Gluma, Christian"]
[Black "Stemmler, Fabian"]
[Result "1/2-1/2"]
[WhiteElo "1741"]
[BlackElo "2014"]
[Annotator "NA"]
[PlyCount "58"]
[EventDate "2019.06.07"]
[EventType "swiss"]
[EventRounds "9"]
[EventCountry "GER"]
[SourceTitle "playchess.com"]
[Source "ChessBase"]
[SourceQuality "1"]
[TimeControl "40/5400+30:1800+30"]

1. e4 {[%emt 0:00:00]} e5 {[%emt 0:00:00]} 2. Nf3 {[%emt 0:00:00]} Nc6 {[%emt 0:00:00]} 3. Bc4 {[%emt 0:00:00]} Bc5 {[%emt 0:00:11]} 4. c3 {[%emt 0:00:00]} Nf6 {[%emt 0:00:07]} 5. d4 {[%emt 0:00:00]} exd4 {[%emt 0:00:08]} 6. O-O {[%emt 0:00:03]} d5 {[%emt 0:12:54]} 7. exd5 {[%emt 0:00:09]} Nxd5 {[%emt 0:00:09]} 8. cxd4 {[%emt 0:00:08]} Be7 {[%emt 0:10:52]} 9. Bxd5 {[%emt 0:01:29]} Qxd5 {[%emt 0:02:51]} 10. Nc3 {[%emt 0:00:06]} Qd8 {[%emt 0:08:54]} 11. d5 {[%emt 0:02:49]} Nb8 {[%emt 0:01:37]} 12. Bf4 {[%emt 0:02:17]} O-O {[%emt 0:23:50]} 13. Nb5 {[%emt 0:04:00]} Na6 {[%emt 0:02:03]} 14. Rc1 {[%emt 0:02:24]} c6 {[%emt 0:03:13]} 15. d6 {[%emt 0:04:57]} Bf6 {[%emt 0:05:39]} 16. Nc7 {[%emt 0:01:58]} Nxc7 {[%emt 0:01:04]} 17. dxc7 {[%emt 0:00:05]} Qxd1 {[%emt 0:01:29]} 18. Rcxd1 {[%emt 0:00:34]} Be6 {[%emt 0:04:52]} 19. b3 {[%emt 0:05:02]} Rac8 {[%emt 0:07:54]} 20. Nd4 {[%emt 0:02:47]} Bxd4 {[%emt 0:02:01]} 21. Rxd4 {[%emt 0:00:22]} f6 {[%emt 0:01:03]} 22. Re1 {[%emt 0:05:53]} Bd5 {[%emt 0:03:22]} 23. Rd2 {[%emt 0:06:00]} Rfe8 {[%emt 0:02:34]} 24. Rde2 {[%emt 0:02:48]} Rxe2 {[%emt 0:00:20]} 25. Rxe2 {[%emt 0:00:03]} Kf7 {[%emt 0:00:19]} 26. Bd6 {[%emt 0:02:18]} Be6 {[%emt 0:00:06]} 27. f4 {[%emt 0:02:36]} Re8 {[%emt 0:01:29]} 28. h3 {[%emt 0:02:47]} h5 {[%emt 0:01:07]} 29. Kf2 {[%emt 0:01:43]} Bf5 {[%emt 0:00:20] normal} 1/2-1/2

[Event "GER-ch Youth ODJM 2019"]
[Site "Willingen"]
[Date "2019.06.09"]
[Round "2.1"]
[White "Korten, Lando"]
[Black "Holtel, Jasper"]
[Result "1/2-1/2"]
[WhiteElo "2122"]
[BlackElo "2273"]
[Annotator "TA"]
[PlyCount "30"]
[EventDate "2019.06.07"]
[EventType "swiss"]
[EventRounds "9"]
[EventCountry "GER"]
[SourceTitle "playchess.com"]
[Source "ChessBase"]
[SourceQuality "1"]

{[%evp 15,30,18,16,4,20,-12,0,0,-12,-6,0,0,22,-19,-23,-21,0]} 1. d4 Nf6 2. c4 g6 3. Nc3 d5 4. cxd5 Nxd5 5. e4 Nxc3 6. bxc3 Bg7 7. Qa4+ Nd7 8. Nf3 O-O 9. Be3 {D85: Exchange Grünfeld: Unusual White 7th moves and lines with 7 Nf3} (9. Be2 e5 10. Ba3 Re8 11. dxe5 Nxe5 12. Rd1 Bd7 13. Qb3 Nxf3+ 14. gxf3 Qc8 15. h4 Be6 16. c4 Rd8 17. Rxd8+ Qxd8 {0-1 (52) Vidit,S (2711)-Shankland,S (2731) Prague 2019}) 9... c5 10. Rd1 cxd4 11. cxd4 Nb6 12. Qb3 Qd6 13. Be2 $146 ({Predecessor:} 13. h3 Bd7 14. Bb5 Bxb5 15. Qxb5 Qe6 16. Qb1 Nc4 17. O-O Nxe3 18. fxe3 Bh6 19. Kf2 Rac8 {0-1 (19) Krol,P (1859)-Bellegotti,G (1989) ICCF email 2013}) 13... Bd7 {With the idea ...Ba4.} 14. Bb5 Bxb5 15. Qxb5 Rfc8 1/2-1/2

[Event "GER-ch Youth ODJM 2019"]
[Site "Willingen"]
[Date "2019.06.09"]
[Round "2.1"]
[White "Petri, Ben-Luca"]
[Black "Schmied, Elias"]
[Result "1-0"]
[WhiteElo "1895"]
[BlackElo "1669"]
[Annotator "NA"]
[PlyCount "37"]
[EventDate "2019.06.07"]
[EventType "swiss"]
[EventRounds "9"]
[EventCountry "GER"]
[SourceTitle "playchess.com"]
[Source "ChessBase"]
[SourceQuality "1"]
[TimeControl "40/5400+30:1800+30"]

1. e4 {[%emt 0:00:00]} e6 {[%emt 0:00:00]} 2. d4 {[%emt 0:00:00]} d5 {[%emt 0:00:00]} 3. Nd2 {[%emt 0:00:00]} dxe4 {[%emt 0:00:00]} 4. Nxe4 {[%emt 0:00:00]} Bd7 {[%emt 0:00:50]} 5. Nf3 {[%emt 0:02:22]} Bc6 {[%emt 0:00:04]} 6. Bd3 {[%emt 0:00:28]} Be7 {[%emt 0:00:10]} 7. O-O {[%emt 0:00:55]} Nf6 {[%emt 0:00:04]} 8. Nxf6+ {[%emt 0:00:51]} Bxf6 {[%emt 0:00:13]} 9. c3 {[%emt 0:00:15]} Nd7 {[%emt 0:00:53]} 10. Qe2 {[%emt 0:00:12]} O-O {[%emt 0:01:13]} 11. Bf4 {[%emt 0:00:23]} b6 {[%emt 0:00:53]} 12. Rad1 {[%emt 0:01:15]} Bb7 {[%emt 0:03:54]} 13. Rfe1 {[%emt 0:01:35]} Qc8 {[%emt 0:04:32]} 14. Ne5 {[%emt 0:04:15]} g6 {[%emt 0:03:14]} 15. Ng4 {[%emt 0:03:15]} Bg7 {[%emt 0:01:02]} 16. Bh6 {[%emt 0:02:25]} c5 {[%emt 0:02:53]} 17. Bxg7 {[%emt 0:00:22]} Kxg7 {[%emt 0:00:07]} 18. Bb5 {[%emt 0:01:51]} Bc6 {[%emt 0:04:04]} 19. dxc5 {[%emt 0:02:49] normal} 1-0

[Event "GER-ch Youth ODJM 2019"]
[Site "Willingen"]
[Date "2019.06.09"]
[Round "2.2"]
[White "Terhuven, Patrick"]
[Black "Wachinger, David"]
[Result "1-0"]
[WhiteElo "2210"]
[BlackElo "2066"]
[Annotator "NA"]
[PlyCount "25"]
[EventDate "2019.06.07"]
[EventType "swiss"]
[EventRounds "9"]
[EventCountry "GER"]
[SourceTitle "playchess.com"]
[Source "ChessBase"]
[SourceQuality "1"]
[TimeControl "40/5400+30:1800+30"]

1. d4 {[%emt 0:00:00]} Nf6 {[%emt 0:00:00]} 2. Nf3 {[%emt 0:00:00]} g6 {[%emt 0:00:00]} 3. c4 {[%emt 0:00:00]} Bg7 {[%emt 0:00:04]} 4. g3 {[%emt 0:00:06]} O-O {[%emt 0:00:12]} 5. Bg2 {[%emt 0:00:05]} c5 {[%emt 0:00:31]} 6. O-O {[%emt 0:00:59]} cxd4 {[%emt 0:02:48]} 7. Nxd4 {[%emt 0:00:56]} d5 {[%emt 0:01:02]} 8. cxd5 {[%emt 0:02:02]} Nxd5 {[%emt 0:00:23]} 9. Nc3 {[%emt 0:06:29]} Nxc3 {[%emt 0:13:58]} 10. bxc3 {[%emt 0:01:20]} Qc7 {[%emt 0:08:36]} 11. Rb1 {[%emt 0:12:52]} Nc6 {[%emt 0:16:21]} 12. Nxc6 {[%emt 0:02:29]} bxc6 {[%emt 0:00:02]} 13. Qa4 {[%emt 0:02:17] normal} 1-0

[Event "GER-ch Youth ODJM 2019"]
[Site "Willingen"]
[Date "2019.06.09"]
[Round "2.3"]
[White "Doll, Alexander"]
[Black "Oberhofer, Cedric"]
[Result "1-0"]
[WhiteElo "1991"]
[BlackElo "2243"]
[Annotator "NA"]
[PlyCount "30"]
[EventDate "2019.06.07"]
[EventType "swiss"]
[EventRounds "9"]
[EventCountry "GER"]
[SourceTitle "playchess.com"]
[Source "ChessBase"]
[SourceQuality "1"]
[TimeControl "40/5400+30:1800+30"]

1. e4 {[%emt 0:00:00]} c5 {[%emt 0:00:00]} 2. Nf3 {[%emt 0:00:00]} d6 {[%emt 0:00:00]} 3. d4 {[%emt 0:00:00]} cxd4 {[%emt 0:00:00]} 4. Nxd4 {[%emt 0:00:00]} Nf6 {[%emt 0:00:00]} 5. Nc3 {[%emt 0:00:04]} a6 {[%emt 0:00:00]} 6. Be3 {[%emt 0:00:43]} e5 {[%emt 0:00:42]} 7. Nb3 {[%emt 0:01:28]} Be6 {[%emt 0:01:15]} 8. f3 {[%emt 0:02:23]} Be7 {[%emt 0:01:54]} 9. Qd2 {[%emt 0:01:56]} O-O {[%emt 0:01:25]} 10. O-O-O {[%emt 0:00:09]} a5 {[%emt 0:00:16]} 11. a4 {[%emt 0:01:50]} Nc6 {[%emt 0:04:56]} 12. Kb1 {[%emt 0:02:04]} Nb4 {[%emt 0:00:56]} 13. g4 {[%emt 0:03:39]} Rc8 {[%emt 0:08:56]} 14. h4 Nd7 {[%emt 0:14:34]} 15. Qf2 {[%emt 0:16:17]} Qc7 {[%emt 0:07:27] normal} 1-0

[Event "GER-ch Youth ODJM 2019"]
[Site "Willingen"]
[Date "2019.06.09"]
[Round "2.4"]
[White "Brunner, Tobias"]
[Black "Hesse, Henrik"]
[Result "1/2-1/2"]
[WhiteElo "2017"]
[BlackElo "2166"]
[Annotator "NA"]
[PlyCount "28"]
[EventDate "2019.06.07"]
[EventType "swiss"]
[EventRounds "9"]
[EventCountry "GER"]
[SourceTitle "playchess.com"]
[Source "ChessBase"]
[SourceQuality "1"]
[TimeControl "40/5400+30:1800+30"]

1. e4 {[%emt 0:00:00]} e5 {[%emt 0:00:20]} 2. Nf3 {[%emt 0:00:05]} Nf6 {[%emt 0:00:09]} 3. Nc3 {[%emt 0:01:49]} Nc6 {[%emt 0:00:54]} 4. Bb5 {[%emt 0:02:32]} d6 {[%emt 0:06:59]} 5. h3 {[%emt 0:02:52]} Be7 {[%emt 0:05:26]} 6. d3 {[%emt 0:02:54]} h6 {[%emt 0:02:57]} 7. Be3 {[%emt 0:01:19]} Bd7 {[%emt 0:06:02]} 8. Qd2 {[%emt 0:02:59]} a6 {[%emt 0:01:02]} 9. Bxc6 {[%emt 0:00:40]} Bxc6 {[%emt 0:02:26]} 10. Ne2 {[%emt 0:01:25]} Bf8 {[%emt 0:08:43]} 11. Ng3 {[%emt 0:01:56]} g6 {[%emt 0:02:32]} 12. O-O {[%emt 0:01:47]} Bg7 {[%emt 0:00:37]} 13. c4 {[%emt 0:02:16]} Qe7 {[%emt 0:02:09]} 14. a4 {[%emt 0:05:40]} a5 {[%emt 0:05:57] normal} 1/2-1/2

[Event "GER-ch Youth ODJM 2019"]
[Site "Willingen"]
[Date "2019.06.09"]
[Round "2.5"]
[White "Knudsen, Simon"]
[Black "Parvanyan, Alfred"]
[Result "1/2-1/2"]
[WhiteElo "2166"]
[BlackElo "2066"]
[Annotator "NA"]
[PlyCount "44"]
[EventDate "2019.06.07"]
[EventType "swiss"]
[EventRounds "9"]
[EventCountry "GER"]
[SourceTitle "playchess.com"]
[Source "ChessBase"]
[SourceQuality "1"]
[TimeControl "40/5400+30:1800+30"]

1. e4 {[%emt 0:00:00]} c5 {[%emt 0:00:00]} 2. Nf3 {[%emt 0:00:00]} Nc6 {[%emt 0:00:00]} 3. Bb5 {[%emt 0:00:00]} g6 {[%emt 0:00:11]} 4. Bxc6 {[%emt 0:00:00]} dxc6 {[%emt 0:00:07]} 5. d3 {[%emt 0:00:01]} Bg7 {[%emt 0:00:09]} 6. h3 {[%emt 0:00:06]} e5 {[%emt 0:00:21]} 7. a4 {[%emt 0:00:09]} a5 {[%emt 0:03:34]} 8. Be3 {[%emt 0:00:15]} b6 {[%emt 0:00:05]} 9. Na3 {[%emt 0:00:09]} Qc7 {[%emt 0:00:18]} 10. Nc4 {[%emt 0:02:05]} Ne7 {[%emt 0:00:42]} 11. b4 {[%emt 0:06:37]} axb4 {[%emt 0:11:50]} 12. a5 {[%emt 0:00:10]} bxa5 {[%emt 0:00:13]} 13. Bxc5 {[%emt 0:00:06]} O-O {[%emt 0:02:20]} 14. Bxb4 {[%emt 0:01:17]} a4 {[%emt 0:01:53]} 15. Bd6 {[%emt 0:01:35]} Qd8 {[%emt 0:01:46]} 16. Bxe5 {[%emt 0:01:21]} Bxe5 {[%emt 0:00:54]} 17. Ncxe5 {[%emt 0:00:07]} Be6 {[%emt 0:01:54]} 18. Qd2 {[%emt 0:02:38]} Qd6 {[%emt 0:02:10]} 19. Ng4 {[%emt 0:04:29]} Bxg4 {[%emt 0:12:47]} 20. hxg4 {[%emt 0:00:08]} f6 {[%emt 0:00:04]} 21. Qc3 {[%emt 0:00:31]} Qe6 {[%emt 0:02:30]} 22. g5 {[%emt 0:02:07]} Nd5 {[%emt 0:04:25] normal} 1/2-1/2

[Event "GER-ch Youth ODJM 2019"]
[Site "Willingen"]
[Date "2019.06.09"]
[Round "2.6"]
[White "Gerlach, Felix Tobias"]
[Black "Weber, Samuel"]
[Result "1/2-1/2"]
[WhiteElo "2079"]
[BlackElo "2160"]
[Annotator "NA"]
[PlyCount "27"]
[EventDate "2019.06.07"]
[EventType "swiss"]
[EventRounds "9"]
[EventCountry "GER"]
[SourceTitle "playchess.com"]
[Source "ChessBase"]
[SourceQuality "1"]
[TimeControl "40/5400+30:1800+30"]

1. c4 {[%emt 0:00:00]} Nf6 {[%emt 0:00:00]} 2. g3 {[%emt 0:00:00]} g6 {[%emt 0:02:18]} 3. Bg2 {[%emt 0:00:09]} Bg7 {[%emt 0:00:16]} 4. Nc3 {[%emt 0:00:05]} c5 {[%emt 0:01:03]} 5. Nf3 {[%emt 0:06:59]} O-O {[%emt 0:00:29]} 6. O-O {[%emt 0:00:10]} d6 {[%emt 0:00:55]} 7. d4 {[%emt 0:02:41]} Nbd7 {[%emt 0:06:37]} 8. b3 {[%emt 0:12:56]} a6 {[%emt 0:03:56]} 9. Bb2 {[%emt 0:01:25]} Rb8 {[%emt 0:03:42]} 10. Rc1 {[%emt 0:04:56]} b6 {[%emt 0:03:54]} 11. h3 {[%emt 0:08:57]} Bb7 {[%emt 0:00:57]} 12. d5 {[%emt 0:00:41]} b5 {[%emt 0:02:37]} 13. Nd2 {[%emt 0:02:25]} b4 {[%emt 0:04:08]} 14. Na4 {[%emt 0:00:55] normal} 1/2-1/2

[Event "GER-ch Youth ODJM 2019"]
[Site "Willingen"]
[Date "2019.06.09"]
[Round "2.7"]
[White "Schimnatkowski, Lukas"]
[Black "Beesk, Kevin"]
[Result "1-0"]
[WhiteElo "2139"]
[BlackElo "1935"]
[Annotator "NA"]
[PlyCount "33"]
[EventDate "2019.06.07"]
[EventType "swiss"]
[EventRounds "9"]
[EventCountry "GER"]
[SourceTitle "playchess.com"]
[Source "ChessBase"]
[SourceQuality "1"]
[TimeControl "40/5400+30:1800+30"]

1. c4 {[%emt 0:00:00]} c5 {[%emt 0:00:23]} 2. Nc3 {[%emt 0:00:00]} Nc6 {[%emt 0:02:57]} 3. g3 {[%emt 0:00:00]} g6 {[%emt 0:00:03]} 4. Bg2 {[%emt 0:00:00]} Bg7 {[%emt 0:00:02]} 5. d3 {[%emt 0:00:00]} d6 {[%emt 0:01:07]} 6. Bd2 {[%emt 0:01:49]} e5 {[%emt 0:01:21]} 7. a3 {[%emt 0:00:56]} a5 {[%emt 0:01:53]} 8. e3 {[%emt 0:00:34]} Nge7 {[%emt 0:00:19]} 9. Nge2 {[%emt 0:00:10]} O-O {[%emt 0:01:25]} 10. Rb1 {[%emt 0:05:24]} Rb8 {[%emt 0:06:42]} 11. Nd5 {[%emt 0:08:34]} Bd7 {[%emt 0:08:01]} 12. Nec3 {[%emt 0:07:46]} f5 {[%emt 0:05:12]} 13. b4 {[%emt 0:04:20]} axb4 {[%emt 0:00:16]} 14. axb4 {[%emt 0:01:21]} Nxb4 {[%emt 0:04:19]} 15. Nxb4 {[%emt 0:01:14]} cxb4 {[%emt 0:00:09]} 16. Rxb4 {[%emt 0:01:36]} Bc6 {[%emt 0:00:18]} 17. O-O {[%emt 0:03:23] normal} 1-0

[Event "GER-ch Youth ODJM 2019"]
[Site "Willingen"]
[Date "2019.06.09"]
[Round "2.8"]
[White "Tscheuschner, Georg"]
[Black "Kotyk, Michael"]
[Result "1-0"]
[WhiteElo "2113"]
[BlackElo "1966"]
[Annotator "NA"]
[PlyCount "35"]
[EventDate "2019.06.07"]
[EventType "swiss"]
[EventRounds "9"]
[EventCountry "GER"]
[SourceTitle "playchess.com"]
[Source "ChessBase"]
[SourceQuality "1"]
[TimeControl "40/5400+30:1800+30"]

1. c4 {[%emt 0:00:00]} e5 {[%emt 0:00:00]} 2. g3 {[%emt 0:00:00]} d6 {[%emt 0:00:00]} 3. Bg2 {[%emt 0:00:00]} f5 {[%emt 0:00:00]} 4. d4 {[%emt 0:00:10]} Be7 {[%emt 0:00:00]} 5. Nc3 {[%emt 0:03:12]} Nf6 {[%emt 0:00:00]} 6. Nf3 {[%emt 0:00:55]} e4 {[%emt 0:00:02]} 7. Ng5 {[%emt 0:00:18]} c6 {[%emt 0:00:56]} 8. f3 {[%emt 0:05:13]} d5 {[%emt 0:04:25]} 9. O-O {[%emt 0:08:52]} O-O {[%emt 0:01:28]} 10. cxd5 {[%emt 0:03:34]} cxd5 {[%emt 0:01:32]} 11. fxe4 {[%emt 0:05:43]} fxe4 {[%emt 0:00:14]} 12. Qb3 {[%emt 0:03:33]} Kh8 {[%emt 0:01:46]} 13. Nxd5 {[%emt 0:14:36]} Qxd5 {[%emt 0:01:36]} 14. Rxf6 {[%emt 0:00:10]} Qxd4+ {[%emt 0:00:27]} 15. Be3 {[%emt 0:00:05]} Qxe3+ {[%emt 0:10:13]} 16. Qxe3 {[%emt 0:00:08]} Bxf6 {[%emt 0:00:01]} 17. Rf1 {[%emt 0:06:14]} Nc6 {[%emt 0:00:19]} 18. Qxe4 {[%emt 0:00:32] normal} 1-0

[Event "GER-ch Youth ODJM 2019"]
[Site "Willingen"]
[Date "2019.06.09"]
[Round "2.9"]
[White "Lohr, Maximilian"]
[Black "Wanner, Lukas"]
[Result "1-0"]
[WhiteElo "1981"]
[BlackElo "2099"]
[Annotator "NA"]
[PlyCount "20"]
[EventDate "2019.06.07"]
[EventType "swiss"]
[EventRounds "9"]
[EventCountry "GER"]
[SourceTitle "playchess.com"]
[Source "ChessBase"]
[SourceQuality "1"]
[TimeControl "40/5400+30:1800+30"]

1. e4 {[%emt 0:00:00]} g6 {[%emt 0:00:00]} 2. g3 {[%emt 0:01:19]} d5 {[%emt 0:03:19]} 3. e5 {[%emt 0:01:28]} c5 {[%emt 0:02:22]} 4. c3 {[%emt 0:02:23]} Nc6 {[%emt 0:04:11]} 5. d4 {[%emt 0:02:39]} cxd4 {[%emt 0:04:51]} 6. cxd4 {[%emt 0:00:07]} Nh6 {[%emt 0:01:49]} 7. Nc3 {[%emt 0:02:33]} Bg7 {[%emt 0:09:35]} 8. Bg2 {[%emt 0:01:04]} Be6 {[%emt 0:01:53]} 9. Nge2 {[%emt 0:03:33]} Nf5 {[%emt 0:05:29]} 10. O-O {[%emt 0:01:52]} O-O {[%emt 0:12:49] normal} 1-0

[Event "GER-ch Youth ODJM 2019"]
[Site "Willingen"]
[Date "2019.06.09"]
[Round "2.10"]
[White "Hartmann, Jakob"]
[Black "Teichert, Felix"]
[Result "1/2-1/2"]
[WhiteElo "2144"]
[BlackElo "2027"]
[Annotator "NA"]
[PlyCount "24"]
[EventDate "2019.06.07"]
[EventType "swiss"]
[EventRounds "9"]
[EventCountry "GER"]
[SourceTitle "playchess.com"]
[Source "ChessBase"]
[SourceQuality "1"]
[TimeControl "40/5400+30:1800+30"]

1. e4 {[%emt 0:00:00]} c6 {[%emt 0:00:00]} 2. d4 {[%emt 0:03:23]} d5 {[%emt 0:00:00]} 3. exd5 {[%emt 0:00:40]} cxd5 {[%emt 0:00:00]} 4. c4 {[%emt 0:00:19]} Nf6 {[%emt 0:00:09]} 5. Nc3 {[%emt 0:00:26]} Nc6 {[%emt 0:00:19]} 6. Be3 {[%emt 0:02:17]} g6 {[%emt 0:00:51]} 7. h3 {[%emt 0:02:37]} Bg7 {[%emt 0:03:26]} 8. Nf3 {[%emt 0:04:03]} O-O {[%emt 0:01:58]} 9. Be2 {[%emt 0:09:23]} h6 {[%emt 0:07:20]} 10. O-O {[%emt 0:02:09]} Be6 {[%emt 0:01:32]} 11. c5 {[%emt 0:09:50]} Ne4 {[%emt 0:02:00]} 12. Qc1 {[%emt 0:15:43]} Kh7 {[%emt 0:06:01] normal} 1/2-1/2

[Event "GER-ch Youth ODJM 2019"]
[Site "Willingen"]
[Date "2019.06.09"]
[Round "2.11"]
[White "Stelmaszyk, Nico"]
[Black "Fistoul, Boris"]
[Result "1-0"]
[WhiteElo "2174"]
[BlackElo "1918"]
[Annotator "NA"]
[PlyCount "26"]
[EventDate "2019.06.07"]
[EventType "swiss"]
[EventRounds "9"]
[EventCountry "GER"]
[SourceTitle "playchess.com"]
[Source "ChessBase"]
[SourceQuality "1"]
[TimeControl "40/5400+30:1800+30"]

1. e4 {[%emt 0:00:00]} e6 {[%emt 0:00:14]} 2. d4 {[%emt 0:00:00]} d5 {[%emt 0:00:08]} 3. Nc3 {[%emt 0:00:00]} dxe4 {[%emt 0:00:32]} 4. Nxe4 {[%emt 0:00:03]} Nf6 {[%emt 0:01:39]} 5. Nxf6+ {[%emt 0:00:14]} Qxf6 {[%emt 0:00:18]} 6. Nf3 {[%emt 0:00:06]} h6 {[%emt 0:01:50]} 7. Be3 {[%emt 0:05:28]} Bd7 {[%emt 0:01:58]} 8. Qd2 {[%emt 0:01:56]} Bc6 {[%emt 0:03:37]} 9. Ne5 {[%emt 0:03:18]} Bd6 {[%emt 0:04:39]} 10. O-O-O {[%emt 0:01:22]} Qe7 {[%emt 0:10:13]} 11. f4 {[%emt 0:10:03]} Bxe5 {[%emt 0:08:30]} 12. dxe5 {[%emt 0:02:16]} Nd7 {[%emt 0:02:08]} 13. Qa5 {[%emt 0:03:44]} Rc8 {[%emt 0:10:03] normal} 1-0